000 01090nam a2200205Ia 4500
999 _c26931
_d26931
003 OSt
005 20211005145230.0
008 160316s1963 xxu||||| |||| 00| 0 eng d
040 _cnls
082 _a341.230000
_bSCH
100 _aSchachter Oscar
245 _aThe Relation of Law, Politics and Action in the United Nations
_b(Extract from the "Recueil des Cours", Volume 1, 1963)
260 _aLeyden
_bA W Sijthoff
_c1963
300 _a256p
365 _b Gratis
505 _aTable of Contents: BIOGRAPHICAL NOTE; PUBLICATIONS; INTRODUCTORY NOTE; I - LAW AND THE PROCESS OF DECISION IN THE POLITICAL ORGANS OF THE UNITED NATIONS; II - LAW AND THE PROCESS OF DECISION IN THE POLITICAL ORGANS OF THE UNITED NATIONS (CONTINUED); III - ACTION IN CRISIS: THE TECHNIQUE AND LEGAL ASPECT OF EMERGENCY PEACE-KEEPING; IV - THE TECHNIQUE AND LEGAL ASPECT OF EMERGENCY PEACE-KEEPING (CONTINUED); V - LEGAL CONCEPTS AND TECHNIQUES IN THE TASKS OF DEVELOPMENT AND MODERNIZATION; BIBLIOGRAPHY.
650 _a1. International Law - United Nations
700 _a
_a
942 _2ddc
_cBK